| 000 | 02033nam0a2200373 4500 | ||
|---|---|---|---|
| 001 | RU\NLR\bibl\1169482 | ||
| 005 | 20260406080426.0 | ||
| 010 |
_a978-5-7695-4532-0 _92000 |
||
| 021 |
_aRU _b2007-78375 _94217 |
||
| 035 | _a(NLR Aleph) 001156178 | ||
| 090 |
_a1508578 _c1508578 |
||
| 100 | _a20071218d2007 |||y0rusy50 ca | ||
| 101 | 0 | _arus | |
| 102 | _aRU | ||
| 105 | _aa ||||||||| | ||
| 200 | 1 |
_aРеаниматология _eучебное пособие для студентов образовательных учреждений среднего профессионального образования _e[для студентов средних медицинских учебных заведений] _fБ.Н. Жуков, П.Н. Мышенцев, С.А. Быстров |
|
| 205 | _a2-е изд., стер. | ||
| 210 |
_aМосква _cАкадемия _d2007 |
||
| 215 |
_a205, [1] с. _cил. _d22 |
||
| 225 | 1 |
_aСреднее профессиональное образование _iЗдравоохранение |
|
| 225 | 1 | _aУчебное пособие | |
| 300 | _aНа 4-й с. обл. авт.: Жуков Б.Н. - д.м.н., проф., засл. деят. науки Рос. Федерации, Мышенцев П.Н. - к.м.н., доц., Быстров С.А. - к.м.н. | ||
| 320 | _aБиблиогр.: с. 202-203 | ||
| 606 | 1 |
_aРеаниматология _jУчебные издания для среднего профессионального образования _9907145 _3RU\NLR\auth\6610936 |
|
| 686 | _aР35,33я72 | ||
| 700 | 1 |
_4070 _7ca _8rus _aЖуков _bБ. Н. _cд-р мед. наук _f1942-2018 _gБорис Николаевич _924853 _3RU\NLR\AUTH\7741905 |
|
| 701 | 1 |
_aМышенцев _bП. Н. _gПавел Николаевич _4070 |
|
| 701 | 1 |
_aБыстров _bС. А. _gСергей Александрович _4070 |
|
| 801 | 0 |
_aRU _bNLR _c20071218 _gRCR |
|
| 801 | 1 |
_aRU _bNLR _c20071218 |
|
| 830 | _aАвт. по кн. | ||
| 942 | _cBOOK | ||
| 980 | _aNB | ||